Países latinoamericanos por longitud de costa - Estadísticas

Estadísticas generales
  • Esta prueba ha sido intentada 104 veces
  • La puntuación promedio es 10 de 10
Estadísticas de respuestas
Longitud de Costa País % Correcto
7,491 Brasil
99%
6,435 Chile
99%
3,208 Colombia
99%
2,800 Venezuela
99%
4,989 Argentina
98%
2,237 Ecuador
98%
9,330 México
98%
2,414 Perú
97%
2,490 Panamá
90%
3,735 Cuba
88%
No se encontraron pruebas coincidentes
Distribución de puntuación
Porcentaje de gente con cada puntuación
Porcentaje por número respondido
Historial de tus puntuaciones
No has intentado esta prueba.